000 00262nam a2200109Ia 4500
008 190914s9999||||xx |||||||||||||| ||und||
100 _aShaikh M. Akram
245 0 _aMoj-e-Kauser
260 _aLahore
_b Idarah-i-Sakafat Islamia
_c2001
300 _a269
942 _cBK
999 _c8919
_d8919